Biggest Cities of the Swedish Empire on a Map - Statistics

General Stats
  • This quiz has been taken 758 times
  • The average score is 17 of 36
Answers on the Map
Answers color-coded by a green-red scale on the quiz's map according to % correct below.
 
Answer Stats
Population City % Correct
40k Stockholm
98%
10k Reval
94%
12k Riga
94%
4k Gothenburg
91%
6k Malmö
91%
3k Uppsala
76%
5k Åbo
72%
4k Trondheim
72%
3k Visby
66%
2k Kalmar
57%
4k Dorpat
53%
2k Helsingborg
52%
2k Lund
52%
11k Stettin
52%
2k Linköping
51%
2k Örebro
51%
4k Norrköping
50%
2k Jönköping
49%
2k Esbo
46%
2k Västerås
45%
2k Viborg
45%
3k Gävle
40%
2k Pernau
34%
12k Stralsund
32%
2k Vanda
30%
4k Falun
29%
2k Lahtis
26%
4k Wismar
24%
3k Greifswald
23%
2k Landskrona
21%
2k Uddevalla
18%
2k Västervik
18%
3k Arboga
14%
3k Stade
10%
4k Verden
10%
4k Anklam
7%
No matching quizzes found
Score Distribution
Percent of People with Each Score
Percentile by Number Answered
Your Score History
You have not taken this quiz